000 00449nam a2200169Ia 4500
008 221030s9999 xx 000 0 und d
020 _a8177000217
041 _aEnglish
082 _a105.23
_bDom
100 _aS. Domkundwar
245 0 _aCourse In Thermal Engineering
_cby S. Domkundwar, C. P. Kothandaraman
260 _bDhanpat Rai Pub
_aIndia
_c2002
300 _a32.12
650 _aMechanical
700 _aC. P. Kothandaraman
942 _cBK
999 _c3279
_d3279